| 000 | 01904cas a2200493 a 4500 | ||
|---|---|---|---|
| 001 | 11470885 | ||
| 003 | BDDh-ASL | ||
| 005 | 20231015031353.0 | ||
| 008 | 960909d19852005nyuzx i0 0eng | ||
| 010 | _a 96650559 | ||
| 016 | _a(AMICUS)000015781207 | ||
| 035 | _a(OCoLC)ocm35444546 | ||
| 040 |
_aDLC _beng _cDLC _dAGL _dMYG _dVP@ _dCUS _dOCLCQ _dDOS _dOCLCF _dCUS _dOCLCA _dNLC _dOCLCQ _dOCLCA _dOCLCQ _dBDDh-ASL |
||
| 042 | _apcc | ||
| 043 |
_aa------ _ap------ |
||
| 050 | 0 | 0 |
_aGE160.A78 _bS83 |
| 070 | 0 |
_aGE160.A78 _bS83 |
|
| 072 | 0 | _aP000 | |
| 072 | 0 | _aW000 | |
| 082 | 0 | 0 |
_a363.70095 _221 _bSTA |
| 245 | 0 | 0 |
_aState of the environment in Asia and the Pacific / _cEconomic and Social Commission for Asia and the Pacific, Asian Development Bank. |
| 260 |
_aNew York : _bUnited Nations |
||
| 300 |
_av. : _bill. ; _c29 cm. |
||
| 310 | _aQuinquennial | ||
| 362 | 1 | _aBegan in 1985; ceased with 2005. | |
| 515 | _aIssue for 2005 includes summary vol. called: Synthesis. | ||
| 530 | _aAlso issued online. | ||
| 588 | _aDescription based on: 1995. | ||
| 588 | _aLatest issue consulted: 2005. | ||
| 590 | _aSERBIB/SERLOC merged record | ||
| 650 | 7 |
_aEcology. _2fast _0(OCoLC)fst00901476 |
|
| 651 | 0 |
_aAsia _xEnvironmental conditions. |
|
| 651 | 0 |
_aPacific Area _xEnvironmental conditions. |
|
| 651 | 7 |
_aAsia. _2fast _0(OCoLC)fst01240495 |
|
| 651 | 7 |
_aPacific Area. _2fast _0(OCoLC)fst01243504 |
|
| 710 | 2 |
_aUnited Nations. _bEconomic and Social Commission for Asia and the Pacific. |
|
| 710 | 2 | _aAsian Development Bank. | |
| 740 | 0 | _aState of the environment in Asia and the Pacific. Synthesis. | |
| 776 | 0 | 8 |
_iOnline version: _tState of the environment in Asia and the Pacific _w(OCoLC)647520846 |
| 785 | 0 | 0 |
_tGreen growth, resources and resilience _w(DLC) 2013267014 _w(OCoLC)853577075 |
| 906 |
_a7 _bcbc _cserials _du _encip _f19 _gn-oclcserc |
||
| 942 |
_2ddc _cBK |
||
| 999 |
_c32258 _d32258 |
||